Statistics for Top 15 Largest World Metropolitan Areas

Click here to take the quiz!

General Stats

  • This quiz has been taken 388 times
  • The average score is 13 of 15

Answer Stats

CountryAnswer% Correct
JapanTokyo
100%
United StatesNew York
98%
MexicoMexico City
97%
ChinaBeijing
92%
ChinaShanghai
91%
IndiaDelhi
90%
United StatesLos Angeles
90%
BrazilSao Paulo
90%
IndiaMumbai
89%
ArgentinaBuenos Aires
87%
PhillipinesManila
84%
BangladeshDhaka
73%
BrazilRio De Janeiro
73%
PakistanKarachi
71%
IndiaCalcutta
70%

Score Distribution

Percentile by Number Answered

Percent of People with Each Score

Your Score History

You have not taken this quiz